Detalles MARC
| 000 -LEADER |
| fixed length control field |
02051nam a2200481Ii 4500 |
| 001 - CONTROL NUMBER |
| control field |
DIGBOSCH0336 |
| 003 - CONTROL NUMBER IDENTIFIER |
| control field |
NyNyDIG |
| 006 - FIXED-LENGTH DATA ELEMENTS--ADDITIONAL MATERIAL CHARACTERISTICS |
| fixed length control field |
m o d |
| 007 - PHYSICAL DESCRIPTION FIXED FIELD--GENERAL INFORMATION |
| fixed length control field |
cr ||||||||||| |
| 008 - FIXED-LENGTH DATA ELEMENTS--GENERAL INFORMATION |
| fixed length control field |
230906s2022 sp ob 000 0 por d |
| 035 ## - SYSTEM CONTROL NUMBER |
| System control number |
(OCoLC)1396171546 |
| 040 ## - CATALOGING SOURCE |
| Original cataloging agency |
DGITA |
| Language of cataloging |
eng |
| Description conventions |
rda |
| -- |
pn |
| Transcribing agency |
DGITA |
| 020 ## - INTERNATIONAL STANDARD BOOK NUMBER |
| International Standard Book Number |
9788419045874 |
| Qualifying information |
digital |
| 020 ## - INTERNATIONAL STANDARD BOOK NUMBER |
| Canceled/invalid ISBN |
9788419045867 |
| Qualifying information |
papel |
| 043 ## - GEOGRAPHIC AREA CODE |
| Geographic area code |
e-sp--- |
| -- |
s-ec--- |
| 050 14 - LIBRARY OF CONGRESS CALL NUMBER |
| Classification number |
KKT4082 ebook |
| 110 2# - MAIN ENTRY--CORPORATE NAME |
| Corporate name or jurisdiction name as entry element |
Sociedad Española para el Estudio de la Violencia Filio-parental. |
| Subordinate unit |
Congreso |
| Number of part/section/meeting |
(3rd : |
| Date of meeting or treaty signing |
2022 : |
| Location of meeting |
Valencia), |
| Relator term |
author. |
| 245 13 - TITLE STATEMENT |
| Title |
La violencia filio-parental : |
| Remainder of title |
avances y retos : III Congreso sobre violencia filio-parental / |
| Statement of responsibility, etc. |
Alfredo Abadías Selma, Rocío Leal Ruiz, coordinadores. |
| 264 #1 - PRODUCTION, PUBLICATION, DISTRIBUTION, MANUFACTURE, AND COPYRIGHT NOTICE |
| Place of production, publication, distribution, manufacture |
Barcelona : |
| Name of producer, publisher, distributor, manufacturer |
J.M. Bosch Editor, |
| Date of production, publication, distribution, manufacture, or copyright notice |
2022. |
| 300 ## - PHYSICAL DESCRIPTION |
| Extent |
1 online resource. |
| 336 ## - CONTENT TYPE |
| Content type term |
text |
| Content type code |
txt |
| Source |
rdacontent |
| 337 ## - MEDIA TYPE |
| Media type term |
computer |
| Media type code |
c |
| Source |
rdamedia |
| 338 ## - CARRIER TYPE |
| Carrier type term |
online resource |
| Carrier type code |
cr |
| Source |
rdacarrier |
| 347 ## - DIGITAL FILE CHARACTERISTICS |
| File type |
text file |
| Source |
rdaft |
| 347 ## - DIGITAL FILE CHARACTERISTICS |
| Encoding format |
PDF |
| 490 1# - SERIES STATEMENT |
| Series statement |
Colección "Penalcrim" |
| 504 ## - BIBLIOGRAPHY, ETC. NOTE |
| Bibliography, etc. note |
Includes bibliographical references. |
| 588 0# - SOURCE OF DESCRIPTION NOTE |
| Source of description note |
Online resource; title from PDF title page (Digitalia, viewed September 6, 2023) |
| 650 #0 - SUBJECT ADDED ENTRY--TOPICAL TERM |
| Topical term or geographic name entry element |
Abused parents |
| General subdivision |
Legal status, laws, etc. |
| Geographic subdivision |
Spain. |
| 650 #0 - SUBJECT ADDED ENTRY--TOPICAL TERM |
| Topical term or geographic name entry element |
Abused parents |
| General subdivision |
Legal status, laws, etc. |
| Geographic subdivision |
Ecaudor. |
| 650 #0 - SUBJECT ADDED ENTRY--TOPICAL TERM |
| Topical term or geographic name entry element |
Family violence |
| General subdivision |
Law and legislation |
| Geographic subdivision |
Spain. |
| 650 #0 - SUBJECT ADDED ENTRY--TOPICAL TERM |
| Topical term or geographic name entry element |
Family violence |
| General subdivision |
Prevention. |
| 650 #0 - SUBJECT ADDED ENTRY--TOPICAL TERM |
| Topical term or geographic name entry element |
Abused parents. |
| 700 1# - ADDED ENTRY--PERSONAL NAME |
| Personal name |
Abadías Selma, Alfredo, |
| Relator term |
editor. |
| 700 1# - ADDED ENTRY--PERSONAL NAME |
| Personal name |
Leal Ruiz, Rocío, |
| Relator term |
editor. |
| 791 2# - |
| -- |
Digitalia (Firm), |
| -- |
distributor. |
| 793 0# - |
| -- |
Digitalia eBook Collection: |
| -- |
Bosch Editor |
| 776 08 - ADDITIONAL PHYSICAL FORM ENTRY |
| Relationship information |
Print version: |
| Main entry heading |
Sociedad Española para el Estudio de la Violencia Filio-parental. Congreso (3rd. : 2022 : Valencia). |
| Title |
Violencia filio-parental. |
| Place, publisher, and date of publication |
Barcelona : J.M. Bosch Editor, 2022 |
| International Standard Book Number |
9788419045867 |
| 830 #0 - SERIES ADDED ENTRY--UNIFORM TITLE |
| Uniform title |
Colección "Penalcrim" |
| 856 40 - ELECTRONIC LOCATION AND ACCESS |
| Materials specified |
Digitalia Hispánica |
| Uniform Resource Identifier |
<a href="https://www.digitaliapublishing.com/a/127339/">https://www.digitaliapublishing.com/a/127339/</a> |
| 910 ## - USER-OPTION DATA (OCLC) |
| User-option data |
Premium collection: 2023 |
| 942 ## - ADDED ENTRY ELEMENTS (KOHA) |
| Koha item type |
Recurso Electrónico |